header

Global economic prospects (Record no. 23348)

MARC details
000 -LEADER
fixed length control field 01285nam a2200337Ia 4500
245 00 - TITLE STATEMENT
Title Global economic prospects
260 ## - PUBLICATION, DISTRIBUTION, ETC. (IMPRINT)
Place of publication Washington, DC :
Name of publisher World Bank,
Year of publication 2009.
300 ## - PHYSICAL DESCRIPTION
Number of Pages xv, 180 p. :
Other physical details ill.
650 #0 - SUBJECT ADDED ENTRY--TOPICAL TERM
Topical Term Economic forecasting
Topical Term Economic forecasting.
Topical Term Economic history
Topical Term International economic relations.
856 40 - ELECTRONIC LOCATION AND ACCESS
Uniform Resource Identifier http://site.ebrary.com/lib/rucke/Doc?id=10269614

No items available.

© 2026 Rongo University
Contact us: librarian | system librarian | Rongo university